Ingeniería Industrial : (Registro nro. 28914)
[ vista simple ]
| 000 -CABECERA | |
|---|---|
| Longitud fija campo de control | 00979nam a2200253 a 4500 |
| 003 - • IDENTIFICADOR DELl NÚMERO DE CONTROL | |
| Identificador del número de control | CO-ViMGA |
| 008 - • CÓDIGOS DE INFORMACIÓN DE LONGITUD FIJA | |
| Códigos de información de longitud fija | 141112s2004 ck r 000 u spa d |
| 020 ## - • NÚMERO INTERNACIONAL NORMALIZADO PARA LIBROS | |
| Número Internacional Normalizado para Libros (ISBN) | 9701509935 |
| 040 ## - FUENTE DE LA CATALOGACIÓN | |
| Centro catalogador de origen | CO-ViMGA |
| Lengua de catalogación | spa |
| Centro transcriptor | CO-ViMGA |
| 082 04 - • NÚMERO DE LA CLASIFICACIÓN DECIMAL DEWEY | |
| Número de clasificación (R) | 658.53 N431i |
| 100 1# - • PUNTO DE ACCESO PRINCIPAL-NOMBRE DE PERSONA | |
| Nombre de persona | Niebel, Benjamin; Freivalds, Andris |
| 245 10 - • TITULO PROPIAMENTE DICHO | |
| Título | Ingeniería Industrial : |
| Resto del título | metodos, estándares y diseño del trabajo |
| 250 ## - • MENCIÓN DE EDICIÓN | |
| Mención de edición | 11 |
| 300 ## - • DESCRIPCIÓN FÍSICA | |
| Extensión | 745 p. + CD Rom |
| 500 ## - • NOTA GENERAL | |
| Nota general | Ingenieria de metodos para medir, analizar y diseñar el trabajo manual, para incrementar la productividad, mejorar la salud y seguridad del trabajador y con ello los costos finales de la compañia . |
| 590 ## - NOTAS LOCALES | |
| Nota local | Forma de adquisición : Proyecto 2005 - - Precio : |
| -- | 0.200 |
| 650 14 - • PUNTO DE ACCESO ADICIONAL DE MATERIA - TÉRMINO DE MATERIA | |
| Término de materia o nombre geográfico como elemento inicial | DISEÑO DEL ENTORNO DE TRABAJO |
| 650 14 - • PUNTO DE ACCESO ADICIONAL DE MATERIA - TÉRMINO DE MATERIA | |
| Término de materia o nombre geográfico como elemento inicial | DISEÑO DEL TRABAJO MANUAL |
| 650 14 - • PUNTO DE ACCESO ADICIONAL DE MATERIA - TÉRMINO DE MATERIA | |
| Término de materia o nombre geográfico como elemento inicial | INGENIERIA INDUSTRIAL |
| 650 14 - • PUNTO DE ACCESO ADICIONAL DE MATERIA - TÉRMINO DE MATERIA | |
| Término de materia o nombre geográfico como elemento inicial | PRODUCTIVIDAD |
| 942 ## - ENTRADA DE ELEMENTOS AGREGADOS (KOHA) | |
| Fuente de clasificaión o esquema | Dewey Decimal Classification |
| Koha [por defecto] tipo de item | LIbro |
| Perdido | Fuente de clasificación o esquema | Estado Físico | No para préstamo | Forma de adquisición | Localización permanente | Localización actual | Fecha adquisición | Serie de enumeración / cronolog&íacute;a | Préstamos totales | Signatura completa | Código de barras | Fecha última consulta | Fecha último préstamo | Número de copia | Fecha del precio de reemplazo | Tipo de item de Koha |
|---|---|---|---|---|---|---|---|---|---|---|---|---|---|---|---|---|
| Dewey Decimal Classification | Sala Especializada Tercer Piso | Biblioteca Pública Germán Arciniegas - Villavicencio | Biblioteca Pública Germán Arciniegas - Villavicencio | 12/04/2015 | Volumen. 1 | 11/jun/2009 | 1 | 658.53 N431i | 19782 | 09/20/2017 | 09/20/2017 | Ej. 1 | 12/04/2015 | LIbro |